000 00370 a2200157 4500
001 45844
020 _a1587170507
040 _cAnchieta - Aquarius
100 _aMunro, Roxie
240 1 0 _aThe inside-outside book of Texas
_lpor
245 1 0 _aThe inside-outside book of Texas
300 _a
362 0 _a0
650 4 _aLiteratura infantil em inglês
942 _cBK
999 _c45844
_d45844